| 000 | 00343nam a22001217a 4500 | ||
|---|---|---|---|
| 082 |
_a810 _bSAH _cL-29, P-138 |
||
| 100 |
_aShani, C.L _945920 |
||
| 245 |
_aA Brief survey of english literature _cShani, C.L |
||
| 260 |
_aLahore _bEconomic Front Publication |
||
| 526 |
_a0 _b0 _c0 _d810_000000000000000_SAH |
||
| 650 |
_aMCE _9379 |
||
| 942 |
_2ddc _cBK |
||
| 999 |
_c549317 _d549317 |
||